<?xml version="1.0" encoding="UTF-8"?><marc:collection xmlns:marc="http://www.loc.gov/MARC21/slim">
  <marc:record>
    <marc:leader>02358nam#a2200433#c#4500</marc:leader>
    <marc:controlfield tag="001">99371942952306441</marc:controlfield>
    <marc:controlfield tag="003">DE-605</marc:controlfield>
    <marc:controlfield tag="005">20240814174849.0</marc:controlfield>
    <marc:controlfield tag="007">cr#|||||||||||</marc:controlfield>
    <marc:controlfield tag="008">230227|2023####gw #####ou####|||#|#fre#c</marc:controlfield>
    <marc:datafield tag="024" ind1="7" ind2=" ">
      <marc:subfield code="a">10.4126/FRL01-006440424</marc:subfield>
      <marc:subfield code="2">doi</marc:subfield>
    </marc:datafield>
    <marc:datafield tag="035" ind1=" " ind2=" ">
      <marc:subfield code="a">(DE-605)HT021733971</marc:subfield>
    </marc:datafield>
    <marc:datafield tag="035" ind1=" " ind2=" ">
      <marc:subfield code="a">(DE-599)HBZHT021733971</marc:subfield>
    </marc:datafield>
    <marc:datafield tag="040" ind1=" " ind2=" ">
      <marc:subfield code="a">38 M</marc:subfield>
      <marc:subfield code="b">ger</marc:subfield>
      <marc:subfield code="c">DE-605</marc:subfield>
      <marc:subfield code="d">DE-605</marc:subfield>
      <marc:subfield code="e">rda</marc:subfield>
    </marc:datafield>
    <marc:datafield tag="041" ind1=" " ind2=" ">
      <marc:subfield code="a">fre</marc:subfield>
    </marc:datafield>
    <marc:datafield tag="044" ind1=" " ind2=" ">
      <marc:subfield code="c">XA-DE</marc:subfield>
    </marc:datafield>
    <marc:datafield tag="049" ind1=" " ind2=" ">
      <marc:subfield code="a">DE-98</marc:subfield>
    </marc:datafield>
    <marc:datafield tag="049" ind1=" " ind2=" ">
      <marc:subfield code="a">DE-38M</marc:subfield>
    </marc:datafield>
    <marc:datafield tag="082" ind1="0" ind2=" ">
      <marc:subfield code="a">610</marc:subfield>
    </marc:datafield>
    <marc:datafield tag="100" ind1="1" ind2=" ">
      <marc:subfield code="a">Spec, Andrej</marc:subfield>
      <marc:subfield code="4">aut</marc:subfield>
      <marc:subfield code="e">Verfasser</marc:subfield>
    </marc:datafield>
    <marc:datafield tag="245" ind1="1" ind2="0">
      <marc:subfield code="a">Score EQUAL pour la Cryptococcose 2018</marc:subfield>
      <marc:subfield code="b">un score de la Confédération Européenne de Mycologie Médicale (ECMM) score dérivé des guides actuels d’évaluation de la QUALité de la prise en charge médicale de la cryptococcose</marc:subfield>
      <marc:subfield code="c">Andrej Spec, Carlos Mejia-Chew, William G. Powderly, Philipp Koehler, Oliver A. Cornely, K Diongue ; Uniklinik Köln, Washington University in St. Louis - School of medicine, ECMM - European Confederation of Medical Mycology</marc:subfield>
    </marc:datafield>
    <marc:datafield tag="264" ind1=" " ind2="1">
      <marc:subfield code="a">Cologne</marc:subfield>
      <marc:subfield code="b">Uniklinik Köln</marc:subfield>
      <marc:subfield code="c">[2023]</marc:subfield>
    </marc:datafield>
    <marc:datafield tag="300" ind1=" " ind2=" ">
      <marc:subfield code="a">1 Online-Ressource (2 Blätter)</marc:subfield>
    </marc:datafield>
    <marc:datafield tag="336" ind1=" " ind2=" ">
      <marc:subfield code="a">Text</marc:subfield>
      <marc:subfield code="b">txt</marc:subfield>
      <marc:subfield code="2">rdacontent</marc:subfield>
    </marc:datafield>
    <marc:datafield tag="337" ind1=" " ind2=" ">
      <marc:subfield code="a">Computer</marc:subfield>
      <marc:subfield code="b">c</marc:subfield>
      <marc:subfield code="2">rdamedia</marc:subfield>
    </marc:datafield>
    <marc:datafield tag="338" ind1=" " ind2=" ">
      <marc:subfield code="a">Online-Ressource</marc:subfield>
      <marc:subfield code="b">cr</marc:subfield>
      <marc:subfield code="2">rdacarrier</marc:subfield>
    </marc:datafield>
    <marc:datafield tag="490" ind1="0" ind2=" ">
      <marc:subfield code="a">EQUAL Cryptococcosis Scorecard</marc:subfield>
    </marc:datafield>
    <marc:datafield tag="520" ind1="3" ind2=" ">
      <marc:subfield code="a">Le Score EQUAL pour la Cryptococcose évalue et réunit les conditions pour une prise en charge idéale de l’infection cryptococcique. Les Scores EQUAL reflètent les plus fortes recommandations émanant des guides actuels. Les cartes Score constituent une référence à portée de main pour évaluer le respect des lignes directrices et pour favoriser le bon usage des antifongiques.</marc:subfield>
    </marc:datafield>
    <marc:datafield tag="700" ind1="1" ind2=" ">
      <marc:subfield code="a">Mejia-Chew, Carlos</marc:subfield>
      <marc:subfield code="4">aut</marc:subfield>
      <marc:subfield code="e">Verfasser</marc:subfield>
    </marc:datafield>
    <marc:datafield tag="700" ind1="1" ind2=" ">
      <marc:subfield code="a">Powderly, William G.</marc:subfield>
      <marc:subfield code="4">aut</marc:subfield>
      <marc:subfield code="e">Verfasser</marc:subfield>
    </marc:datafield>
    <marc:datafield tag="700" ind1="1" ind2=" ">
      <marc:subfield code="a">Köhler, Philipp</marc:subfield>
      <marc:subfield code="d">1988-</marc:subfield>
      <marc:subfield code="0">(DE-588)1033465666</marc:subfield>
      <marc:subfield code="4">aut</marc:subfield>
      <marc:subfield code="e">Verfasser</marc:subfield>
    </marc:datafield>
    <marc:datafield tag="700" ind1="1" ind2=" ">
      <marc:subfield code="a">Cornely, Oliver Andreas</marc:subfield>
      <marc:subfield code="d">1967-</marc:subfield>
      <marc:subfield code="0">(DE-588)121712915</marc:subfield>
      <marc:subfield code="4">aut</marc:subfield>
      <marc:subfield code="e">Verfasser</marc:subfield>
    </marc:datafield>
    <marc:datafield tag="700" ind1="1" ind2=" ">
      <marc:subfield code="a">Diongue, K.</marc:subfield>
      <marc:subfield code="4">aut</marc:subfield>
      <marc:subfield code="e">Verfasser</marc:subfield>
    </marc:datafield>
    <marc:datafield tag="710" ind1="2" ind2=" ">
      <marc:subfield code="a">Universitätsklinikum Köln</marc:subfield>
      <marc:subfield code="b">Klinik I für Innere Medizin</marc:subfield>
      <marc:subfield code="0">(DE-588)10018507-1</marc:subfield>
      <marc:subfield code="4">isb</marc:subfield>
      <marc:subfield code="e">Herausgebendes Organ</marc:subfield>
    </marc:datafield>
    <marc:datafield tag="856" ind1="4" ind2="0">
      <marc:subfield code="u">https://repository.publisso.de/resource/frl:6440424</marc:subfield>
      <marc:subfield code="3">Volltext</marc:subfield>
      <marc:subfield code="x">Archivierte Online-Ressource</marc:subfield>
    </marc:datafield>
    <marc:datafield tag="924" ind1="1" ind2=" ">
      <marc:subfield code="a">99371942952306441</marc:subfield>
      <marc:subfield code="b">DE-98</marc:subfield>
      <marc:subfield code="c">NRW</marc:subfield>
      <marc:subfield code="d">d</marc:subfield>
    </marc:datafield>
    <marc:datafield tag="924" ind1="1" ind2=" ">
      <marc:subfield code="a">99371942952306441</marc:subfield>
      <marc:subfield code="b">DE-38M</marc:subfield>
      <marc:subfield code="c">NRW</marc:subfield>
      <marc:subfield code="d">d</marc:subfield>
    </marc:datafield>
    <marc:datafield tag="960" ind1="1" ind2=" ">
      <marc:subfield code="i">iall</marc:subfield>
    </marc:datafield>
    <marc:datafield tag="960" ind1="1" ind2=" ">
      <marc:subfield code="r">38 M: ellinet; GND: (DE-588)10018507-1</marc:subfield>
    </marc:datafield>
  </marc:record>
</marc:collection>
